000 00524nam a22002057a 4500
999 _c560
_d560
005 20190822080433.0
008 190822b ||||| |||| 00| 0 eng d
020 _a9781509876433
040 _cKH8
082 _aFIC MEY
100 _aMeyer, Marissa
245 _aRenegades /
_cMarissa Meyer
260 _aLondon :
_bMacmillan Children's Books,
_c 2018.
300 _a559 p ;
_c20 cm.
440 _aRenegades,
_n1
650 _a Dystopias
650 _aSuperheroes
650 _aYoung adult fiction
942 _2ddc
_cFIC